| 000 | 00412nam a2200169 a 4500 | ||
|---|---|---|---|
| 005 | 20140414131904.0 | ||
| 008 | 100902s19uu xx 00 eng d | ||
| 020 | _a | ||
| 050 |
_aFIC _bP44 1991 |
||
| 100 | _aPeterson, John | ||
| 245 | _aThe Littles and the lost children. | ||
| 260 |
_aNew York : _bScholastic , _c1991. |
||
| 440 | _aThe Littles | ||
| 999 |
_c110842 _d110842 |
||